00812cam a2200241 a 450000100100000000500170001000800410002702000150006804000180008308200190010110000350012024500430015526000620019830000210026049000160028165000280029765000420032583000230036791000340039004900090042495201220043399900150055500000920720200929161522.0951003s1993 ve 000 f spa  a9800108378 aDO-SdBNPcDLC aV863.44bN778j1 aNoguera, Carlos,d1943-92388710aJuegos bajo la luna /cCarlos Noguera. aCaracas :bMonte Ávila Editores Latinoamericana,c1993. a587 p. ;c20 cm.1 aContinentes 4aNovela venezolana93962 4aLiteratura venezolanaySIGLO XX99777 0aContinentes.95341 aCatalogación por copia / LC aBNGR 001052708MOaGRbGRcCTd2009-09-28iLF1l0oV863.44 N778jp9207-10r2020-06-25w2020-06-25y2ZPréstamo interno c8970d8970